000 01167cam a22003493a 4500
001 29295
003 PGUSA
005 20140828083631.0
008 090703s2009||||xxu|||||s|||||000 i eng d
040 _aPGUSA
_beng
042 _adc
050 4 _aPZ
100 1 _aMolesworth,
_cMrs,
_d1839-1921
245 1 0 _aGreat Uncle Hoot-Toot
_h[electronic resource] /
_cMolesworth,
260 _bProject Gutenberg,
_c2009
506 _aPublic domain in the USA.
516 _aElectronic text
653 _aFarmers -- Juvenile fiction
653 _aBrothers and sisters -- Juvenile fiction
653 _aChildren -- Conduct of life -- Juvenile fiction
653 _aRunaway children -- Juvenile fiction
653 _aIntergenerational relations -- Juvenile fiction
653 _aGreat-uncles -- Juvenile fiction
653 _aConduct of life -- Juvenile fiction
653 _aSelfishness -- Juvenile fiction
653 _aVoyages and travels -- Juvenile fiction
653 _aObedience -- Juvenile fiction
653 _aLetters -- Juvenile fiction
830 0 _aProject Gutenberg
_v29295
856 4 0 _uhttp://www.gutenberg.org/ebooks/29295
942 _cEB
999 _c258550
_d258550